Rabindranath & Sri Aurobindo- Two heavenly germs on earth/ (Record no. 211266)

MARC details
000 -LEADER
fixed length control field 00570nam a22001697a 4500
010 ## - LCCN (DPL NO)
LC control number ENG-144887
020 ## - INTERNATIONAL STANDARD BOOK NUMBER
International Standard Book Number 9789383165414
Terms of availability 150.00
035 ## - SYSTEM CONTROL NUMBER
System control number EN-128419
037 ## - SOURCE OF ACQUISITION
Source of stock number/acquisition DBAD
082 ## - DEWEY DECIMAL CLASSIFICATION NUMBER
Classification number 181.499
100 ## - MAIN ENTRY--PERSONAL NAME
Personal name Banerjee, Jaganmoy
245 ## - TITLE STATEMENT
Title Rabindranath & Sri Aurobindo- Two heavenly germs on earth/
Statement of responsibility, etc Janganmoy Bandyopandhyay
260 ## - PUBLICATION, DISTRIBUTION, ETC. (IMPRINT)
Place of publication, distribution, etc Calcutta
Name of publisher, distributor, etc Sigma Publications
Date of publication, distribution, etc 2018
270 ## - ADDRESS
Address Barnaparichay Books Market, 1st Floor (AI) College Street
City Culcutta
Postal code 700005
300 ## - PHYSICAL DESCRIPTION
Extent 80p.
Dimensions 22cm.(HB)
942 ## - ADDED ENTRY ELEMENTS (KOHA)
Source of classification or shelving scheme Dewey Decimal Classification
Item type English Books
Classification part 181.499
Call number suffix BAN
Holdings
Withdrawn status Lost status Not for loan Collection code Home library Current library Date acquired Cost, normal purchase price Full call number Barcode Copy number Koha item type
      Non-fiction Janak Puri Janak Puri 14/05/2025 150.00 181.499 BAN EN-128419 1 English Books

© Delhi Public Library
Hit Counter
free hit counter